[Event "Reykjavik op"]
[Site "Reykjavik"]
[Date "2024.03.19"]
[Round "7"]
[White "Kristinsson, Magnus"]
[Black "Larson, Gerald A"]
[Result "1/2-1/2"]
[WhiteElo "1810"]
[BlackElo "1987"]
[PlyCount "51"]
[EventDate "2024.03.15"]
[EventType "swiss"]
[EventRounds "9"]
[EventCountry "ISL"]
[SourceTitle "CB13_2024"]
[SourceDate "2024.03.27"]
[SourceVersion "1"]
[SourceVersionDate "2024.03.27"]
[SourceQuality "1"]

1. e4 e5 2. d4 exd4 3. Qxd4 Nc6 4. Qe3 g6 5. h4 h5 6. Bc4 Nf6 7. Nf3 d6 8. Ng5 Ne5 9. Bb3 Nfg4 10. Qe2 f6 11. Nh3 Qe7 12. Nc3 c6 13. f3 Nh6 14. Nf4 Nhf7 15. Be3 Bh6 16. 0-0 Bd7 17. Qd2 Bxf4 18. Bxf7+ Qxf7 19. Bxf4 0-0-0 20. Qxd6 Bh3 21. Qa3 Bxg2 22. Qxa7 Bxf1 23. Qa8+ Kc7 24. Qa5+ Kc8 25. Qa8+ Kc7 26. Qa5+ 1/2-1/2

[Event "Reykjavik Kvika op"]
[Site "Reykjavik"]
[Date "2022.04.10"]
[Round "7"]
[White "Kristinsson, Magnus"]
[Black "Schmidt, Kai Uwe"]
[Result "1-0"]
[WhiteElo "1734"]
[BlackElo "1904"]
[PlyCount "61"]
[EventDate "2022.04.06"]
[EventType "swiss"]
[EventRounds "9"]
[EventCountry "ISL"]
[SourceTitle "CBM 207 Extra"]
[Source "ChessBase"]
[SourceDate "2022.05.31"]
[SourceVersion "1"]
[SourceVersionDate "2022.05.31"]
[SourceQuality "1"]

1. c4 c5 2. Nf3 Nc6 3. Nc3 e5 4. e3 Nf6 5. d4 cxd4 6. exd4 e4 7. d5 exf3 8. dxc6 dxc6 9. Qxf3 Bg4 10. Qe3+ Be7 11. h3 Be6 12. Be2 0-0 13. 0-0 Nd7 14. Rd1 Re8 15. Qg3 Bh4 16. Qf4 Qf6 17. Ne4 Qxf4 18. Bxf4 Bf5 19. Nd6 Rxe2 20. Nxf5 Bxf2+ 21. Kf1 Rae8 22. Rxd7 Bc5 23. Rd2 R2e4 24. Bg3 Bb4 25. Rd7 g6 26. Nd6 Bxd6 27. Rxd6 Rxc4 28. Rad1 Rc2 29. Rd8 Rf8 30. Be5 Rc5 31. Rxf8+ 1-0

[Event "Reykjavik op"]
[Site "Reykjavik"]
[Date "2017.04.24"]
[Round "7"]
[White "Peat, Matthew"]
[Black "Kristinsson, Magnus"]
[Result "1/2-1/2"]
[WhiteElo "2014"]
[BlackElo "1783"]
[PlyCount "132"]
[EventDate "2017.04.19"]
[EventType "swiss"]
[EventRounds "10"]
[EventCountry "ISL"]
[SourceTitle "CBM 178 Extra"]
[Source "ChessBase"]
[SourceDate "2017.06.22"]
[SourceVersion "1"]
[SourceVersionDate "2017.06.22"]
[SourceQuality "1"]

1. e4 c5 2. Nf3 e6 3. c3 d5 4. exd5 Qxd5 5. d4 Nf6 6. Na3 a6 7. Nc4 Nbd7 8. a4 Be7 9. Be3 0-0 10. Be2 b5 11. axb5 axb5 12. Rxa8 Qxa8 13. Nce5 b4 14. Nxd7 Nxd7 15. 0-0 bxc3 16. bxc3 Rd8 17. Qa1 Qc6 18. Nd2 cxd4 19. Bxd4 Bf6 20. Qa5 e5 21. Be3 Nf8 22. Bf3 Qa6 23. Qxa6 Bxa6 24. Ra1 Bd3 25. Ne4 Be7 26. Nc5 Bc4 27. Ra8 Rxa8 28. Bxa8 Ne6 29. Nxe6 Bxe6 30. Kf1 Ba3 31. Ke1 Kf8 32. Kd2 Ke7 33. Kd3 Kd6 34. c4 f5 35. f3 Bb4 36. Bb7 g6 37. Ba7 Ba3 38. Kc3 Kd7 39. Bb8 Bd6 40. Ba7 Ba3 41. Ba6 e4 42. fxe4 fxe4 43. Kd4 Bf5 44. Ke5 Bd6+ 45. Kf6 Bxh2 46. Bb5+ Kc7 47. Kg5 h5 48. Be8 Be6 49. Bxg6 Bxc4 50. Bxe4 Be2 51. Bf3 Bxf3 52. gxf3 Kd7 53. Kxh5 Ke7 54. Kg4 Kf6 55. Be3 Kg6 56. Bd2 Bc7 57. Kh3 Bd6 58. Kg2 Kf5 59. Kf2 Bc7 60. Bb4 Bb6+ 61. Ke2 Bc7 62. Be7 Bb8 63. Bh4 Bc7 64. Kf2 Bb6+ 65. Kg2 Bc5 66. Bg3 Bb6 1/2-1/2

[Event "Reykjavik op"]
[Site "Reykjavik"]
[Date "2017.04.23"]
[Round "6"]
[White "Kristinsson, Magnus"]
[Black "Tan, Teck Woon"]
[Result "1-0"]
[WhiteElo "1783"]
[BlackElo "1636"]
[PlyCount "111"]
[EventDate "2017.04.19"]
[EventType "swiss"]
[EventRounds "10"]
[EventCountry "ISL"]
[SourceTitle "CBM 178 Extra"]
[Source "ChessBase"]
[SourceDate "2017.06.22"]
[SourceVersion "1"]
[SourceVersionDate "2017.06.22"]
[SourceQuality "1"]

1. e4 e5 2. Nf3 Nc6 3. d4 exd4 4. Nxd4 Bc5 5. Nb3 Be7 6. Nc3 Nf6 7. Be3 d6 8. Qd2 0-0 9. Be2 Re8 10. 0-0-0 Ng4 11. Bxg4 Bxg4 12. f3 Bd7 13. Nd5 Bf8 14. h4 Ne5 15. Qf2 Be6 16. h5 Bxd5 17. exd5 Qd7 18. Kb1 a5 19. Bc1 a4 20. Nd4 c5 21. dxc6 bxc6 22. g4 a3 23. b3 c5 24. Nf5 d5 25. Rhe1 c4 26. Bf4 Nc6 27. Rxe8 Rxe8 28. Ne3 Bc5 29. Qd2 Bd4 30. c3 Bxe3 31. Bxe3 cxb3 32. axb3 Qe6 33. Bc5 d4 34. c4 Rb8 35. Ka2 Rd8 36. Re1 Qd7 37. Kxa3 h6 38. Kb2 Qb7 39. Re4 Qd7 40. b4 d3 41. b5 Nb8 42. Rd4 Qc8 43. Rxd8+ Qxd8 44. Kc3 Qf6+ 45. Kxd3 Qxf3+ 46. Qe3 Qd1+ 47. Kc3 Qa1+ 48. Kb3 Qb1+ 49. Ka3 Qa1+ 50. Kb4 Qb2+ 51. Ka5 Qa2+ 52. Ba3 Nd7 53. Qe8+ Kh7 54. Qxd7 Qxa3+ 55. Kb6 Qe3+ 56. c5 1-0

[Event "Reykjavik op"]
[Site "Reykjavik"]
[Date "2017.04.21"]
[Round "4"]
[White "Thorsteinsdottir, Gudlaug"]
[Black "Kristinsson, Magnus"]
[Result "1-0"]
[WhiteElo "2013"]
[BlackElo "1783"]
[PlyCount "89"]
[EventDate "2017.04.19"]
[EventType "swiss"]
[EventRounds "10"]
[EventCountry "ISL"]
[SourceTitle "CBM 178 Extra"]
[Source "ChessBase"]
[SourceDate "2017.06.22"]
[SourceVersion "1"]
[SourceVersionDate "2017.06.22"]
[SourceQuality "1"]

1. d4 Nf6 2. c4 g6 3. Nc3 d5 4. cxd5 Nxd5 5. e4 Nxc3 6. bxc3 Bg7 7. Bc4 c5 8. Ne2 0-0 9. 0-0 Nc6 10. Be3 cxd4 11. cxd4 Na5 12. Bd3 b6 13. Rc1 Bg4 14. f3 Bd7 15. Qd2 Rc8 16. f4 e6 17. Ng3 Rxc1 18. Rxc1 Bc6 19. Be2 Qd6 20. Bf3 Rd8 21. e5 Qd7 22. Bxc6 Nxc6 23. Re1 Ne7 24. Ne4 Nd5 25. Bf2 Rc8 26. Rc1 Rc6 27. Bh4 Qc7 28. Rxc6 Qxc6 29. h3 h5 30. Bg5 Qc4 31. Kh2 Nb4 32. Nd6 Qxa2 33. Qxb4 Qf2 34. Ne4 Qe3 35. Ng3 Bf8 36. Qc4 a5 37. d5 exd5 38. Qxd5 a4 39. Qa8 Qa3 40. Ne4 Qb4 41. Nd6 Qa5 42. Qb8 Kg7 43. Bh6+ Kxh6 44. Qxf8+ Kh7 45. Ne8 1-0

[Event "Gibraltar Masters 14th"]
[Site "Caleta"]
[Date "2016.01.29"]
[Round "4"]
[White "Kristinsson, Magnus"]
[Black "Suez Panama, Gilles"]
[Result "1-0"]
[WhiteElo "1776"]
[BlackElo "2032"]
[PlyCount "101"]
[EventDate "2016.01.26"]
[EventType "swiss"]
[EventRounds "10"]
[EventCountry "GGB"]
[SourceTitle "CBM 171"]
[Source "ChessBase"]
[SourceDate "2016.03.14"]
[SourceVersion "2"]
[SourceVersionDate "2016.03.14"]
[SourceQuality "1"]

1. e4 e6 2. d4 d5 3. Nd2 Nf6 4. e5 Nfd7 5. Bd3 c5 6. c3 Nc6 7. Ne2 cxd4 8. cxd4 f6 9. exf6 Qxf6 10. Nf3 h6 11. 0-0 Bd6 12. Bc2 0-0 13. Be3 Rd8 14. Qd2 Nf8 15. Bf4 Bb4 16. Qd3 Bd7 17. a3 Be7 18. Ne5 Be8 19. Nxc6 bxc6 20. Be5 Qf7 21. f4 c5 22. f5 c4 23. Qg3 Kh8 24. fxe6 Qg8 25. Qf4 Bg6 26. Qxh6+ Qh7 27. Bxg7+ Kg8 28. Qxh7+ Bxh7 29. Bxf8 Rxf8 30. Bxh7+ Kxh7 31. Rxf8 Rxf8 32. Rf1 Re8 33. Rf7+ Kh6 34. Nf4 Bg5 35. Nxd5 Rxe6 36. Rxa7 Re2 37. Rb7 Rd2 38. Ne7 Be3+ 39. Kf1 Rf2+ 40. Ke1 Bxd4 41. h3 Rxb2 42. Rxb2 Bxb2 43. a4 Kg5 44. Kd2 Kf6 45. Nc6 Ke6 46. g4 Bf6 47. Nb4 Kd6 48. a5 Bd8 49. a6 Bb6 50. Kc3 Ke5 51. Nc6+ 1-0

[Event "Gibraltar Masters 14th"]
[Site "Caleta"]
[Date "2016.01.27"]
[Round "2"]
[White "Kristinsson, Magnus"]
[Black "Ajele, Rotimi"]
[Result "0-1"]
[WhiteElo "1776"]
[BlackElo "2163"]
[PlyCount "74"]
[EventDate "2016.01.26"]
[EventType "swiss"]
[EventRounds "10"]
[EventCountry "GGB"]
[SourceTitle "CBM 171"]
[Source "ChessBase"]
[SourceDate "2016.03.14"]
[SourceVersion "2"]
[SourceVersionDate "2016.03.14"]
[SourceQuality "1"]

1. d4 Nf6 2. c4 g6 3. Nc3 d5 4. f3 Bg7 5. e4 dxe4 6. fxe4 Nc6 7. Nf3 e5 8. d5 Nd4 9. Be3 Ng4 10. Bg1 c5 11. h3 Nf6 12. Qd2 0-0 13. Be3 Bd7 14. Bd3 Nh5 15. 0-0-0 Ng3 16. Rhg1 f5 17. Bh6 fxe4 18. Bxg7 exd3 19. Bxf8 Qxf8 20. Rge1 Nge2+ 21. Nxe2 dxe2 22. Rxe2 Nxe2+ 23. Qxe2 Qf4+ 24. Kb1 e4 25. Nd2 e3 26. Rf1 Bf5+ 27. Ka1 Qd4 28. Nf3 Qd3 29. Re1 Re8 30. a3 Qxe2 31. Rxe2 Bd3 32. Re1 Bxc4 33. d6 e2 34. Kb1 Rd8 35. Kc2 Rxd6 36. Ng1 Rd1 37. Rxd1 Bb3+ 0-1

[Event "Gibraltar Masters 13th"]
[Site "Caleta"]
[Date "2015.02.03"]
[Round "8"]
[White "Downey, Keith"]
[Black "Kristinsson, Magnus"]
[Result "1/2-1/2"]
[WhiteElo "1919"]
[BlackElo "1744"]
[PlyCount "74"]
[EventDate "2015.01.27"]
[EventType "swiss"]
[EventRounds "10"]
[EventCountry "GGB"]
[SourceTitle "CBM 165"]
[Source "ChessBase"]
[SourceDate "2015.03.11"]
[SourceVersion "1"]
[SourceVersionDate "2015.03.11"]
[SourceQuality "1"]

1. Nf3 Nf6 2. c4 g6 3. g3 Bg7 4. Bg2 d5 5. cxd5 Nxd5 6. d4 0-0 7. 0-0 Nc6 8. Nc3 e5 9. Nxd5 Qxd5 10. Nxe5 Qxd4 11. Nxc6 bxc6 12. Be3 Qxb2 13. Bxc6 Bh3 14. Rb1 Qxa2 15. Bd5 Qa5 16. Bxa8 Bxf1 17. Bf3 Bh3 18. Rb7 a6 19. Bf4 c5 20. Bc7 Qc3 21. Rb3 Qf6 22. Ba5 c4 23. Rb7 c3 24. Rb3 Rc8 25. Bb7 c2 26. Qc1 Qa1 27. Bd2 Rd8 28. Rd3 Rxd3 29. exd3 a5 30. Bc6 Bf5 31. Bb5 Be6 32. Qxa1 Bxa1 33. Ba4 c1Q+ 34. Bxc1 Bc3 35. Kf1 f5 36. f4 Kf7 37. Ke2 Ba2 1/2-1/2

[Event "Gibraltar Masters 13th"]
[Site "Caleta"]
[Date "2015.02.02"]
[Round "7"]
[White "Kristinsson, Magnus"]
[Black "Bouxo, Luis Antonio Maxim"]
[Result "1-0"]
[WhiteElo "1744"]
[BlackElo "1711"]
[PlyCount "42"]
[EventDate "2015.01.27"]
[EventType "swiss"]
[EventRounds "10"]
[EventCountry "GGB"]
[SourceTitle "CBM 165"]
[Source "ChessBase"]
[SourceDate "2015.03.11"]
[SourceVersion "1"]
[SourceVersionDate "2015.03.11"]
[SourceQuality "1"]

1. e4 c5 2. Nf3 Nc6 3. d4 cxd4 4. Nxd4 Nf6 5. Nc3 g6 6. Be3 Bg7 7. Bc4 0-0 8. f3 d6 9. Qd2 Bd7 10. 0-0-0 a6 11. g4 Rc8 12. Bb3 Na5 13. Bh6 Nxb3+ 14. Nxb3 Bc6 15. Bxg7 Kxg7 16. Nd4 Qa5 17. h4 h5 18. gxh5 Nxh5 19. Rdg1 Rh8 20. Rg5 Qc7 21. Rxg6+ fxg6 1-0

[Event "Gibraltar Masters 12th"]
[Site "Caleta"]
[Date "2014.01.31"]
[Round "4"]
[White "Kristinsson, Magnus"]
[Black "Samu, Sorin Mihai"]
[Result "0-1"]
[WhiteElo "1741"]
[BlackElo "2131"]
[PlyCount "80"]
[EventDate "2014.01.28"]
[EventType "swiss"]
[EventRounds "10"]
[EventCountry "GGB"]
[SourceTitle "CBM 159"]
[Source "ChessBase"]
[SourceDate "2014.03.17"]
[SourceVersion "1"]
[SourceVersionDate "2014.03.17"]
[SourceQuality "1"]

1. d4 d6 2. c4 Nf6 3. Nc3 c6 4. Nf3 Nbd7 5. Bg5 e5 6. e4 Be7 7. Be2 0-0 8. h3 Re8 9. Qd2 Qc7 10. Bxf6 Nxf6 11. d5 a6 12. 0-0 Bd7 13. Ne1 Bf8 14. Qe3 Rab8 15. b3 c5 16. f4 exf4 17. Rxf4 b5 18. g4 h6 19. Nf3 bxc4 20. Bxc4 Bb5 21. Nxb5 axb5 22. Rxf6 gxf6 23. Bd3 c4 24. Bc2 cxb3 25. Bxb3 Rbc8 26. Kh2 Qc3 27. Qxc3 Rxc3 28. Nd4 Rxe4 29. Nxb5 Re2+ 30. Kg1 Rxh3 31. Bd1 Rb2 32. a4 h5 33. Nd4 hxg4 34. a5 Bh6 35. Nf5 Be3+ 36. Nxe3 Rxe3 37. Ba4 Rg3+ 38. Kf1 Rh3 39. Kg1 g3 40. a6 g2 0-1

[Event "Gibraltar Masters 12th"]
[Site "Caleta"]
[Date "2014.01.30"]
[Round "3"]
[White "Kenney, David"]
[Black "Kristinsson, Magnus"]
[Result "0-1"]
[WhiteElo "2000"]
[BlackElo "1741"]
[PlyCount "84"]
[EventDate "2014.01.28"]
[EventType "swiss"]
[EventRounds "10"]
[EventCountry "GGB"]
[SourceTitle "CBM 159"]
[Source "ChessBase"]
[SourceDate "2014.03.17"]
[SourceVersion "1"]
[SourceVersionDate "2014.03.17"]
[SourceQuality "1"]

1. d4 Nf6 2. Nf3 d5 3. e3 g6 4. Bd3 Bg7 5. Nbd2 0-0 6. 0-0 Nc6 7. c3 e5 8. dxe5 Ng4 9. e4 Ncxe5 10. Bc2 Be6 11. h3 Nxf3+ 12. Nxf3 Ne5 13. Nxe5 Bxe5 14. f4 Bg7 15. f5 Bd7 16. exd5 Bb5 17. Re1 Qd6 18. Qf3 Rad8 19. Bb3 Be5 20. Be3 Rfe8 21. Rad1 b6 22. Bf2 Kg7 23. a4 Ba6 24. g4 f6 25. fxg6 hxg6 26. Kg2 Rf8 27. Bd4 Rde8 28. Bf2 Re7 29. Re3 Bc8 30. Rde1 f5 31. Rxe5 Rxe5 32. Rxe5 fxg4 33. Qe2 gxh3+ 34. Kg1 h2+ 35. Kxh2 Rxf2+ 36. Qxf2 Qxe5+ 37. Kg2 Bf5 38. c4 Qe4+ 39. Kg1 g5 40. Ba2 Kf6 41. Bb3 Qg4+ 42. Kh2 Qh3+ 0-1

[Event "Gibraltar Masters 12th"]
[Site "Caleta"]
[Date "2014.01.29"]
[Round "2"]
[White "Kristinsson, Magnus"]
[Black "Van den Bersselaar, Jeroen"]
[Result "0-1"]
[WhiteElo "1741"]
[BlackElo "2146"]
[PlyCount "74"]
[EventDate "2014.01.28"]
[EventType "swiss"]
[EventRounds "10"]
[EventCountry "GGB"]
[SourceTitle "CBM 159"]
[Source "ChessBase"]
[SourceDate "2014.03.17"]
[SourceVersion "1"]
[SourceVersionDate "2014.03.17"]
[SourceQuality "1"]

1. e4 c6 2. d4 d5 3. f3 g6 4. Nc3 Bg7 5. Be3 dxe4 6. fxe4 Qb6 7. Qd2 Qxb2 8. Rb1 Qa3 9. Bc4 Nd7 10. e5 Nb6 11. Bb3 Bf5 12. Nf3 Rd8 13. 0-0 e6 14. Bg5 Ne7 15. Qf4 h6 16. Bxe7 Qxe7 17. Ne4 Bxe4 18. Qxe4 c5 19. c3 Qc7 20. Nh4 Qc6 21. Qg4 h5 22. Qg5 Rd7 23. Nxg6 Bh6 24. Qf6 Rg8 25. Nh4 Bg5 26. Qf3 Bxh4 27. d5 Nxd5 28. g3 Bg5 29. c4 Be3+ 30. Kh1 Nc3 31. Qxc6 bxc6 32. Rbe1 Bd2 33. Ra1 Rd4 34. Rf2 Ne4 35. Re2 h4 36. Rg2 hxg3 37. h3 Nc3 0-1